header

Techniques and Applications for Mobile Commerce (Record no. 111778)

MARC details
000 -LEADER
fixed length control field 01461nam a2200349Ia 4500
245 10 - TITLE STATEMENT
Title Techniques and Applications for Mobile Commerce
260 ## - PUBLICATION, DISTRIBUTION, ETC. (IMPRINT)
Place of publication Amsterdam ;
-- Washington, D.C. :
Name of publisher IOS Press,
Year of publication c2009.
300 ## - PHYSICAL DESCRIPTION
Number of Pages viii, 169 p. :
Other physical details ill.
490 1# - SERIES STATEMENT
Series statement Frontiers in artificial intelligence and applications ;
650 #0 - SUBJECT ADDED ENTRY--TOPICAL TERM
Topical Term Mobile commerce
Topical Term Electronic commerce
700 1# - ADDED ENTRY--PERSONAL NAME
Personal name Agudo, Juan Enrique.
856 40 - ELECTRONIC LOCATION AND ACCESS
Uniform Resource Identifier http://site.ebrary.com/lib/rucke/Doc?id=10363633

No items available.

© 2026 Rongo University
Contact us: librarian | system librarian | Rongo university